000 01673nam a22001457a 4500
999 _c519100
_d519100
008 220127b ||||| |||| 00| 0 eng d
100 _aAbramitzky, Ran et al
_931994
245 _aAutomated linking of historical data
260 _aJournal of Economic Literature
300 _a59(3), Sep, 2021: p.865-918
520 _aThe recent digitization of complete count census data is an extraordinary opportunity for social scientists to create large longitudinal datasets by linking individuals from one census to another or from other sources to the census. We evaluate different automated methods for record linkage, performing a series of comparisons across methods and against hand linking. We have three main findings that lead us to conclude that automated methods perform well. First, a number of automated methods generate very low (less than 5 percent) false positive rates. The automated methods trace out a frontier illustrating the trade-off between the false positive rate and the (true) match rate. Relative to more conservative automated algorithms, humans tend to link more observations but at a cost of higher rates of false positives. Second, when human linkers and algorithms use the same linking variables, there is relatively little disagreement between them. Third, across a number of plausible analyses, coefficient estimates and parameters of interest are very similar when using linked samples based on each of the different automated methods. We provide code and Stata commands to implement the various automated methods. – Reproduced
773 _aJournal of Economic Literature
906 _aELECTRONIC GOVERNMENT INFORMATION
942 _cAR